000 00497nam a2200181 4500
003 SEACOMMC
005 20250502122946.0
008 250208b |||||||| |||| 00| 0 eng d
020 _a978-81-8281-095-2
_cRs.150.00
040 _aSEACOMMC
082 _a658.45
_bB 136
100 _aBadi, R.V.
245 1 _aBusiness Communication /
_cR.V Badi [and] Aruna Kothandaram
250 _a2nd ed.
260 _a Delhi
_b Vrinda Publications
_c 2008
650 _a Business Communication
942 _cBOOK
999 _c1067
_d1067